LEADER 00647nam a2200169 i 4500 001 000000220899 003 CaOOAMICUS 005 20130607000000.0 008 130607s1886 xx u000 u lat u 013 $a199796 040 $aSeMil$bita 245 10$a4: Moralis et metaphysica. 300 $a311 p. 773 0 $aGoudin, Antoine <1639-1695>$tPhilosophia juxta inconcussa tutissimaque Divi Thomae dogmata.$b4. Ed.$dParisiis : apud Editores Sarlit & soc., 1886.$g4$w()5912 850 $aSeMil 852 $aSeMil$W1$xVenegono$y1$m2O I 45 FA$j171253$B171253$CSeMilBibl$Z2$F181760 $8I 996 $6245$a4: Moralis et metaphysica$9(OLS)http://semarc/title/316725 LEADER 00788nam a2200205 i 4500 001 000000118089 003 CaOOAMICUS 005 20030919000000.0 008 030919n it u000 u ita u 013 $a90782 040 $aSeMil$bita 100 1 $aMargaritti, Antonio <1932-2007>.$0(OLS)http://semarc/name/39147 245 10$a[Filosofia e Teologia. Filosofia e scienza /$cAntonio Margaritti. 260 $aS.l. :$bs.n.] 300 $a1 v. in varie sequenze ;$c22 cm. 850 $aSeMil 852 $aSeMil$W1$xVenegono$y1$m6X I 87 =$j73418$B73418$CSeMilBibl$Z2$F76346 $8B 961 $aRecupero: Biblioteca Seminario Liceale 996 $6245$a[Filosofia e Teologia. Filosofia e scienza$9(OLS)http://semarc/title/173446 996 $6260$aS.l. :$bs.n.]$9(OLS)http://semarc/publisher/37924